| 000 | 00638nam a22002057a 4500 | ||
|---|---|---|---|
| 999 |
_c6134 _d6134 |
||
| 003 | AR-CdUCM | ||
| 008 | 190313b ||||| |||| 00| 0 spa d | ||
| 040 |
_aMUNICIPALIDAD PROVINCIAL DEL CUSCO _cBIBLIOTECA MUNICIPAL DEL CUSCO |
||
| 082 |
_a086.891 / _bD93 |
||
| 100 |
_aDostoyevski, Fiodor Mijailovich _944053 |
||
| 245 | _aObras Completas / | ||
| 260 |
_aEspaƱa : _bAguilar , _c1970. |
||
| 300 |
_a3 tomos ; _c18 cm. |
||
| 440 |
_aVidas y Obras de F. Mijaillovich Dostoyevski _917787 |
||
| 650 |
_aNovela de Ideas _917788 |
||
| 650 |
_aTragedia _9559 |
||
| 650 |
_aLiteratura Fatalista _917789 |
||
| 942 |
_2ddc _cLIBROS |
||
| 945 | _artm | ||